=LDR 00000nam 2200000 4500 =001 INLIS000000000033688 =005 20150119090228.0 =006 =007 =008 ind =035 ##$$0010-061300000033688 =041 ##$$a ind =082 ##$$a 628.5 =090 ##$$a 628.5, Pur a =100 ##$$a Purwanto =245 ##$$a Awas Polusi, Purwanto ; Editor, Safrezar =260 ##$$a 2008 $b Jakarta =300 ##$$a vi, 58 hlm, ilus, 21 cm =650 ##$$a Pencemaran =700 ##$$a Safrizar =850 ##$$a NBPNMAT =990 ##$$a 21422139 =990 ##$$a 21422137 =990 ##$$a 21422138 =990 ##$$a 21422140 =990 ##$$a 21422141